000 00637nam a22001697a 4500
999 _c15634
_d15634
008 201013b ||||| |||| 00| 0 eng d
082 _22004
_aDFil 305.8
_bB16
100 _aBajo, Rolando O.
_942302
245 _aThe Ata-Manobo:
_bat the crossroads of tradition and modernization/
_cRolando O. Bajo
260 _aDavao del Norte:
_bCARD-Davao,
_cc2004.
300 _aiii, 225 pages:
_billustrations;
_c23 cm.
500 _aIncludes bibliographical references
650 _aAta-Manobo -- Ethnic identity.
_942303
650 _aManobo (Philippine people).
_942304
650 _aEthnic groups -- Philippines.
_942305
942 _2ddc
_cDFIL